Chronique de Charlemagne / (Record no. 182054)
[ view plain ]
| 000 -LEADER | |
|---|---|
| campo de control de longitud fija | 00833nam a2200217 i 4500 |
| 001 - NÚMERO DE CONTROL | |
| campo de control | 182054 |
| 003 - IDENTIFICADOR DE NÚMERO DE CONTROL | |
| campo de control | ES-MaACL |
| 005 - FECHA Y HORA DE LA ÚLTIMA TRANSACCIÓN | |
| campo de control | 20250714224046.0 |
| 008 - DATOS DE LONGITUD FIJA--INFORMACIÓN GENERAL | |
| campo de control de longitud fija | 130527q1860 fr a | |||||||| ||fre d |
| 080 ## - NÚMERO DE LA CLASIFICACIÓN DECIMAL UNIVERSAL | |
| Número de la Clasificación Decimal Universal | 929 Carlomagno |
| 100 1# - ENTRADA PRINCIPAL--NOMBRE DE PERSONA | |
| Nombre de persona | Dumas, Alexandre, |
| Fechas asociadas al nombre | 1802-1870 |
| Término indicativo de función/relación | Autor |
| 9 (RLIN) | 241135 |
| 245 10 - MENCIÓN DEL TÍTULO | |
| Título | Chronique de Charlemagne / |
| Mención de responsabilidad, etc. | rédigé par Alexandre Dumas |
| 260 ## - PUBLICACIÓN, DISTRIBUCIÓN, ETC. | |
| Lugar de publicación, distribución, etc. | [S.l. : |
| Nombre del editor, distribuidor, etc. | s.n., |
| Fecha de publicación, distribución, etc. | ca. 1860] |
| Lugar de fabricación/manufactura | (Paris : |
| Fabricante | Imp. Simon Raçon & Cie.) |
| 300 ## - DESCRIPCIÓN FÍSICA | |
| Extensión | 32 páginas : |
| Otras características físicas | ilustraciones ; |
| Dimensiones | 28 cm. |
| 594 ## - Nota al título y mención de responsabilidad | |
| Nota al título y mención de responsabilidad | Tít. tomado de pag.1 |
| 597 ## - NOTA DE DESCRIPCIÓN FÍSICA | |
| NOTA DE DESCRIPCIÓN FÍSICA | Texto a dos col. |
| 600 04 - PUNTO DE ACCESO ADICIONAL DE MATERIA--NOMBRE DE PERSONA | |
| 9 (RLIN) | 35288 |
| Nombre de persona | Carlomagno, |
| Títulos y otros términos asociados al nombre | Emperador |
| 852 ## - LOCALIZACIÓN | |
| Ubicación | ES-MaACL |
| Ubicación en estantería | Depósito |
| Partes que faltan | Ejemplar falto de portada |
| Anotaciones manuscritas | Firma autógrafa de Eugenio Agüera |
| Donativo/Legado | Donativo de Eugenio Agüera |
| Número de control de estantería | R-1716(1) |
| Encuadernación | Enc. en un vol. facticio |
| 942 ## - ELEMENTOS DE ENTRADA SECUNDARIOS (KOHA) | |
| Fuente del sistema de clasificación o colocación | Clasificación decimal universal |
| Tipo de ítem Koha | Libro impreso antiguo |
| Suprimir en OPAC | No |
| Estatus retirado | Estado de pérdida | Fuente del sistema de clasificación o colocación | Estado de daño | No para préstamo | Colección | Biblioteca de origen | Biblioteca actual | Ubicación en estantería | Fecha de adquisición | Fuente de adquisición | Total de préstamos | Signatura topográfica completa | Código de barras | Visto por última vez | Tipo de ítem Koha |
|---|---|---|---|---|---|---|---|---|---|---|---|---|---|---|---|
| Clasificación decimal universal | Libros del s. XIX | Biblioteca del Ateneo de Madrid | Biblioteca del Ateneo de Madrid | Depósito | 27/05/2013 | Donación | R-1716(1) | 1191316 | 23/02/2023 | Libro impreso antiguo |
